000 00337nam a2200121Ia 4500
008 210430s9999 xx 000 0 und d
082 _a620.11 M4251 M
100 _aK.Watanabe
_952798
245 _aMaterials Science in Static High Magnetic Fields
_cK.Watanabe
260 _aBerlin
_bSpringer
_c2002
300 _a325p.
942 _cBK
_2ddc
999 _c562256
_d562256